Účtovníctvo pre 3. ročník obchodných akadémií

Bibliographic Details
Main Authors: Šlosár, Rudolf, 1950- (Author), Spitzová, Amália (Author), Ďuricová, Oľga (Author)
Format: Book
Language:Slovak
PhysicalDescription:231 strán schémy, tabuľky 24 cm
Published: Bratislava Wolters Kluwer SR, s.r.o. 2019
ISBN:9788057100683
Edition:Jedenáste prepracované vydanie
Series:Ekonómia
Subjects:

MARC

LEADER 00000cam a2200000 4500
001 vtls011887593
003 SK-MaSNL
005 20260302023044.0
008 210624s2019 xo ka drp 000 0 slo
015 |a SNBA2019/11 
020 |a 9788057100683  |q (brožované) 
035 |a urn:nbn:sk:snk-am00ed6w 
035 |a urn:nbn:sk:snk-am3igio 
035 |a D0E5CFA7-AD6D-454D-B548-E66B9A3EF450 
040 |a SNK  |b slo  |c SNK  |e rda 
041 0 |a slo 
044 |a xo  |c SK 
072 7 |a 657  |x Účtovníctvo  |2 konspekt 
080 |a 657  |2 2011 
080 |a (075.3)  |2 2011 
100 1 |a Šlosár, Rudolf,  |d 1950-  |4 aut  |9 90894 
245 1 0 |a Účtovníctvo pre 3. ročník obchodných akadémií  |c Rudolf Šlosár, Amália Spitzová, Oľga Ďuricová 
250 |a Jedenáste prepracované vydanie 
264 1 |a Bratislava  |b Wolters Kluwer SR, s.r.o.  |c 2019 
300 |a 231 strán  |b schémy, tabuľky  |c 24 cm 
336 |a text  |b txt  |2 rdacontent 
337 |a bez média  |b n  |2 rdamedia 
338 |a zväzok  |b nc  |2 rdacarrier 
490 1 |a Ekonómia 
650 0 7 |a účtovníctvo  |2 SNKPH  |9 649 
650 0 7 |a Accounting  |2 SNKPHeng  |9 266872 
655 7 |a učebnice stredných škôl  |2 SNKPH  |9 69323 
655 7 |a Secondary school textbooks  |2 SNKPHeng  |9 135487 
700 1 |a Spitzová, Amália  |4 aut  |9 210263 
700 1 |a Ďuricová, Oľga  |4 aut  |9 210264 
830 0 |a Ekonómia  |9 290125 
919 |a 978-80-571-0068-3 
999 |c 1035135  |d 1037065 
952 |a SNK  |b SNK  |y PREZ  |7 0  |p 17A1391980  |o snkSC 186421  |i snk2019/28082  |8 0  |0 0  |1 0  |4 0  |d 2019-11-04  |f 1  |l 0  |r 2026-02-24 14:06:29  |w 2026-02-24 
952 |a SNK  |b SNK  |y VYP  |7 0  |p 17A1391981  |o snkSC 186421 D1  |i snk2019/28083  |8 0  |0 0  |1 0  |4 0  |d 2019-11-04  |l 0  |r 2026-02-24 14:06:29  |w 2026-02-24